000 00671nam a2200265Ia 4500
005 20260302120005.0
008 008 260114s9999 xx 000 0 eng d
020 _a9781978730878
037 _aTextbook
040 _aCRL
040 _beng
040 _cCRL
041 _2eng
041 _aeng
084 _qCRL
100 _aChristine Tartaro
_91000104
245 0 _aSuicide and Self-Harm in Prisons and Jails
260 _bBloomsbury
260 _bLexington Books
260 _c2019
650 _aLaw
856 _uhttps://doi.org/10.5040/9781978730878?locatt=label:secondary_bloomsburyCollections
942 _cEBOOK
999 _c1688174
_d1688174